Greek Mythology - Statistics

General Stats
  • This quiz has been taken 770 times
  • The average score is 9 of 15
Answer Stats
Hint Answer % Correct
god of the sea Poseidon
93%
god of war Ares
90%
goddes of wisedom Athena
90%
the Earth, mother of all living things Gaea
90%
King of Olympus, god of the sky Zeus
88%
god of music Apollo
79%
one-eyed beasts, the first three named Lightning, Thunder, and Thunderbolt Cyclops
71%
second lord of the universe, son of Mother Earth Cronus
69%
the Sky, first lord of the universe Uranus
60%
One of Athena's pupils, engaged Athena in a weaving contest and lost Arachne
49%
Poseidon's wife Amphitrite
29%
one of Zues's wives, changed into a cow to protect her from jealous Hera Io
26%
Hermes's mother Maia
24%
Muse of lyrics Erato
9%
goddess of childbirth Ilithyia
2%
No matching quizzes found
Score Distribution
Percent of People with Each Score
Percentile by Number Answered
Your Score History
You have not taken this quiz